=LDR 00000nam 2200000 4500 =001 INLIS000000000042243 =005 20131008015028 =008 ***********************************ind** =035 ##$$0010-101300000000165 =041 ##$$a ind =082 ##$$a 631.8 =090 ##$$a 631.8, Sut p =100 ##$$a Sutejo, Mul Mulyani =245 ##$$a Pupuk dan cara pemupukan =260 ##$$a 2002 $b Jakarta =300 ##$$a x, 177 hlm, 21 cm =650 ##$$a Pupuk =850 ##$$a NBPNMAT =990 ##$$a 90498/BPAP-NTB/2014 =990 ##$$a 90621/BPAP-NTB/2014 =990 ##$$a 92376/BPAP-NTB/2014 =990 ##$$a 92378/BPAP-NTB/2014 =990 ##$$a 21195864/BPAP-NTB/2014 =990 ##$$a 0001/BPAP-NTB/20142014 =990 ##$$a 0001/BPAP-NTB/20142014 =990 ##$$a 0001/BPAP-NTB/20142014 =990 ##$$a 0001/BPAP-NTB/20142015 =990 ##$$a 2090101178/BPAP-NTB/2015